<?xml version="1.0" encoding="UTF-8"?>
<record
    xmlns:xsi="http://www.w3.org/2001/XMLSchema-instance"
    xsi:schemaLocation="http://www.loc.gov/MARC21/slim http://www.loc.gov/standards/marcxml/schema/MARC21slim.xsd"
    xmlns="http://www.loc.gov/MARC21/slim">

  <leader>00928njm a22002177a 4500</leader>
  <controlfield tag="005">20100903120943.0</controlfield>
  <controlfield tag="007">sd ammalaaahaa</controlfield>
  <controlfield tag="008">100903t        xxu||||| |||| 00| 0 hin d</controlfield>
  <datafield tag="028" ind1=" " ind2=" ">
    <subfield code="a">HQ. 4</subfield>
    <subfield code="b">His Master's Voice</subfield>
  </datafield>
  <datafield tag="035" ind1=" " ind2=" ">
    <subfield code="a">GR-334</subfield>
  </datafield>
  <datafield tag="040" ind1=" " ind2=" ">
    <subfield code="a">SED/VEN</subfield>
  </datafield>
  <datafield tag="100" ind1=" " ind2=" ">
    <subfield code="a">Kerkar, Kesarbai</subfield>
    <subfield code="9">18069</subfield>
  </datafield>
  <datafield tag="245" ind1=" " ind2=" ">
    <subfield code="a">Nevar Baju Re Raag Nat Kamod Part 1 :</subfield>
    <subfield code="b">hindustani /</subfield>
    <subfield code="c">by Kesarbai Kerkar</subfield>
    <subfield code="h">[sound recording]</subfield>
  </datafield>
  <datafield tag="246" ind1=" " ind2=" ">
    <subfield code="a">&#x928;&#x947;&#x935;&#x930; &#x92C;&#x93E;&#x91C;&#x941; &#x930;&#x947; &#x930;&#x93E;&#x917; &#x928;&#x91F; &#x915;&#x93E;&#x92E;&#x94B;&#x926; ( &#x915;&#x947;&#x938;&#x930;&#x92C;&#x93E;&#x908;  &#x915;&#x947;&#x930;&#x915;&#x930;) </subfield>
  </datafield>
  <datafield tag="300" ind1=" " ind2=" ">
    <subfield code="a">1 sound disc [Gramophone recording]</subfield>
    <subfield code="b">analog, 33. 1/3 rpm</subfield>
    <subfield code="c">12 in</subfield>
  </datafield>
  <datafield tag="500" ind1=" " ind2=" ">
    <subfield code="a">Brief record</subfield>
  </datafield>
  <datafield tag="505" ind1=" " ind2=" ">
    <subfield code="a">Rasokan Re - Raag Durga (Kesarbai Kerkar) &#x930;&#x938;&#x94B;&#x915;&#x928;  &#x930;&#x947;  - &#x930;&#x93E;&#x917;  &#x926;&#x941;&#x930;&#x94D;&#x917;&#x93E; &#x92D;&#x93E;&#x917; &#x968;  </subfield>
  </datafield>
  <datafield tag="650" ind1=" " ind2=" ">
    <subfield code="a">Classical Music</subfield>
    <subfield code="x">Excerpts</subfield>
    <subfield code="z">India</subfield>
    <subfield code="9">18070</subfield>
  </datafield>
  <datafield tag="942" ind1=" " ind2=" ">
    <subfield code="2">ddc</subfield>
    <subfield code="c">GR</subfield>
  </datafield>
  <datafield tag="999" ind1=" " ind2=" ">
    <subfield code="c">43533</subfield>
    <subfield code="d">43533</subfield>
  </datafield>
  <datafield tag="952" ind1=" " ind2=" ">
    <subfield code="0">0</subfield>
    <subfield code="1">0</subfield>
    <subfield code="2">ddc</subfield>
    <subfield code="4">0</subfield>
    <subfield code="7">1</subfield>
    <subfield code="a">L</subfield>
    <subfield code="b">AG</subfield>
    <subfield code="d">2010-09-03</subfield>
    <subfield code="e">SED/VEN</subfield>
    <subfield code="l">0</subfield>
    <subfield code="p">GR-334</subfield>
    <subfield code="r">2010-09-03 00:00:00</subfield>
    <subfield code="t">1</subfield>
    <subfield code="w">2010-09-03</subfield>
    <subfield code="y">GR</subfield>
  </datafield>
</record>
